|
|
|
|
| LEADER |
00946cam a2200289 7i4500 |
| 001 |
0000070602 |
| 005 |
20220927090000.0 |
| 005 |
##20220927114500.0 |
| 003 |
##MY-KlINT |
| 008 |
220927t20192019xxuao e 000 0 eng d |
| 020 |
# |
# |
|a 9781474274609
|
| 039 |
# |
9 |
|y 202209271145
|z Shela
|
| 040 |
# |
# |
|a SRWK
|
| 082 |
0 |
0 |
|a 370.711
|
| 090 |
0 |
0 |
|a 370.711
|b HAL
|
| 100 |
1 |
# |
|a HALL, ELAINE,
|d 1968-
|e author
|
| 245 |
1 |
0 |
|a RESEARCH METHODS FOR UNDERSTANDING PROFFESIONAL LEARNING / /
|c ELAINE HALL, KATE WALL.
|
| 264 |
# |
0 |
|c ♭ELAINE HALL AND KATE WALL,2019
|
| 264 |
# |
0 |
|a LONDON
|b BLOOMSBURY ACADEMIC
|c 2019
|
| 300 |
# |
# |
|a xi, 288 pages:
|b illustrations (black and white);
|c 22cm.
|
| 336 |
# |
# |
|a text
|2 rdacontent
|
| 337 |
# |
# |
|a unmediated
|2 rdamedia
|
| 338 |
# |
# |
|a volume
|2 rdacarrier
|
| 504 |
# |
# |
|a Includes bibliographical references and index
|
| 650 |
# |
0 |
|a Teaching --
|x Research --
|x Methodology
|
| 650 |
# |
0 |
|a Teachers --
|x Training of
|
| 700 |
0 |
# |
|a Wall, Kate
|